[Event "Madrid-ch sub-14 femenino"]
[Site "Madrid ESP"]
[Date "2016.04.16"]
[Round "1.1"]
[White "Rial Rodriguez, Marta"]
[Black "Garcia Sanz, Beatriz"]
[Result "1-0"]
[WhiteElo "1481"]
[BlackElo "1285"]
[PlyCount "145"]
[EventDate "2016.04.16"]
[EventType "tourn"]
[EventRounds "7"]
[EventCountry "ESP"]
[SourceTitle "Ajedrez en Madrid"]
[Source "lmi"]
[SourceDate "2016.04.16"]

1. e4 e5 2. Nf3 Nc6 3. Bc4 Bc5 4. c3 Nf6 5. d4 exd4 6. O-O dxc3 7. e5 Ne4 8.
Qd5 Qe7 9. Qxe4 f5 10. Qh4 Qxh4 11. Nxh4 Nxe5 12. Re1 d6 13. Nxc3 Bd7 14. Bf4
Bd4 15. Bxe5 dxe5 16. Nf3 Bxc3 17. bxc3 e4 18. Ne5 Rf8 19. Nxd7 Kxd7 20. Rad1+
Kc8 21. Be6+ Kb8 22. Rd7 a6 23. Rxg7 Rf6 24. Rg8+ Ka7 25. Rxa8+ Kxa8 26. Bg8 h5
27. g3 h4 28. Kg2 b5 29. Rd1 Kb7 30. Bd5+ c6 31. Bb3 Rg6 32. Rd7+ Kb6 33. Rf7
hxg3 34. hxg3 c5 35. Rxf5 c4 36. Bc2 Re6 37. Rd5 e3 38. Kf1 a5 39. g4 Kc6 40.
Rd4 Rf6 41. Be4+ Kc5 42. Rd5+ Kb6 43. f3 b4 44. cxb4 axb4 45. Ke2 c3 46. Kxe3
Rh6 47. Rh5 Rd6 48. Rd5 Rh6 49. Bc2 Rh2 50. Bb3 c2 51. Bxc2 Rxc2 52. Rd2 Rc3+
53. Kf4 Ra3 54. g5 Ra4 55. Kf5 Kc6 56. g6 Ra3 57. f4 Rg3 58. Kf6 Ra3 59. g7 Ra8
60. Kg6 Kc5 61. Kh7 Ra7 62. Kh8 Ra8+ 63. g8=Q Rxg8+ 64. Kxg8 Kc4 65. f5 Kc3 66.
Rh2 Kc4 67. f6 Kb5 68. f7 Ka4 69. f8=Q Ka5 70. Qb8 Ka4 71. Rh4 Ka5 72. Rxb4 Ka6
73. Ra4# 1-0

[Event "Madrid-ch sub-14 femenino"]
[Site "Madrid ESP"]
[Date "2016.04.16"]
[Round "1.2"]
[White "Bermejo Calvo, Nora"]
[Black "Andrade Sandoval, Bianca"]
[Result "1/2-1/2"]
[WhiteElo "1276"]
[BlackElo "1732"]
[PlyCount "82"]
[EventDate "2016.04.16"]
[EventType "tourn"]
[EventRounds "7"]
[EventCountry "ESP"]
[SourceTitle "Ajedrez en Madrid"]
[Source "lmi"]
[SourceDate "2016.04.16"]

1. d4 d5 2. Nf3 Nf6 3. Bf4 Bf5 4. e3 e6 5. c3 Bd6 6. Bd3 Bg6 7. O-O Nh5 8. Ne5
Nd7 9. Na3 a6 10. c4 Nxf4 11. exf4 c6 12. c5 Bc7 13. Re1 Nxe5 14. fxe5 Qg5 15.
Re3 b6 16. Qa4 b5 17. Bxb5 cxb5 18. Nxb5 O-O 19. Nxc7 Ra7 20. Nb5 Rb7 21. Qxa6
Rfb8 22. Rb3 Bc2 23. c6 Re7 24. c7 Rxc7 25. Nxc7 Bxb3 26. axb3 Qe7 27. Qd6 Qh4
28. Ra8 Rxa8 29. Nxa8 h6 30. Qc5 Qe4 31. g3 Qe1+ 32. Kg2 Qe4+ 33. Kh3 Qf5+ 34.
Kg2 Qe4+ 35. Kf1 Qb1+ 36. Kg2 Qe4+ 37. Kg1 Qe1+ 38. Kg2 Qe4+ 39. Kg1 Qe1+ 40.
Kg2 Qe4+ 41. Kg1 Qe1+ 1/2-1/2

[Event "Madrid-ch sub-14 femenino"]
[Site "Madrid ESP"]
[Date "2016.04.16"]
[Round "1.3"]
[White "Ruperez Benito, Paula"]
[Black "Ruperez Benito, Yaiza"]
[Result "1/2-1/2"]
[WhiteElo "1478"]
[BlackElo "1477"]
[PlyCount "63"]
[EventDate "2016.04.16"]
[EventType "tourn"]
[EventRounds "7"]
[EventCountry "ESP"]
[SourceTitle "Ajedrez en Madrid"]
[Source "lmi"]
[SourceDate "2016.04.16"]

1. e4 e6 2. d4 d5 3. Nc3 dxe4 4. Nxe4 Nd7 5. Nf3 Ngf6 6. Bg5 Be7 7. Nxf6+ Nxf6
8. Bd3 b6 9. O-O Bb7 10. c3 O-O 11. Re1 Qd7 12. Bxf6 Bxf6 13. Rc1 Rac8 14. Qe2
Rfe8 15. Ba6 Bxa6 16. Qxa6 Ra8 17. Qe2 Rac8 18. Ne5 Bxe5 19. dxe5 Rcd8 20. Rcd1
Qe7 21. h3 h6 22. Rxd8 Rxd8 23. Rd1 Rxd1+ 24. Qxd1 Qc5 25. Qd4 Qxd4 26. cxd4
Kf8 27. Kf1 Ke7 28. Ke2 c5 29. Kd3 cxd4 30. Kxd4 Kd7 31. Kc4 Kc6 32. a4 1/2-1/2

[Event "Madrid-ch sub-14 femenino"]
[Site "Madrid ESP"]
[Date "2016.04.16"]
[Round "1.4"]
[White "Garcia Pardo, Maria Del Carmen"]
[Black "Perez Rodrigo, Alicia"]
[Result "1-0"]
[WhiteElo "1543"]
[BlackElo "1392"]
[PlyCount "67"]
[EventDate "2016.04.16"]
[EventType "tourn"]
[EventRounds "7"]
[EventCountry "ESP"]
[SourceTitle "Ajedrez en Madrid"]
[Source "lmi"]
[SourceDate "2016.04.16"]

1. e4 c5 2. Nf3 d6 3. d4 cxd4 4. Nxd4 Nf6 5. Nc3 a6 6. Be3 Ng4 7. Bg5 h6 8. Bh4
g5 9. Bg3 Bg7 10. h3 e5 11. Nb3 Nf6 12. f3 Be6 13. Qd2 O-O 14. O-O-O Ne8 15.
Bf2 Qc7 16. Be3 Nd7 17. h4 f6 18. g3 Rc8 19. hxg5 fxg5 20. Qf2 Bxb3 21. cxb3
Qa5 22. Bc4+ Kh8 23. Kb1 b5 24. Be6 Rc7 25. Bxg5 Nc5 26. Bf5 b4 27. Nd5 Rc6 28.
Bxh6 Kg8 29. Ne7+ Kf7 30. Nxc6 Qb5 31. Bxg7 Kxg7 32. Qh2 Kf7 33. Qh5+ Kf6 34.
Qg6# 1-0

[Event "Madrid-ch sub-14 femenino"]
[Site "Madrid ESP"]
[Date "2016.04.16"]
[Round "2.1"]
[White "Garcia Sanz, Beatriz"]
[Black "Perez Rodrigo, Alicia"]
[Result "0-1"]
[WhiteElo "1285"]
[BlackElo "1392"]
[PlyCount "80"]
[EventDate "2016.04.16"]
[EventType "tourn"]
[EventRounds "7"]
[EventCountry "ESP"]
[SourceTitle "Ajedrez en Madrid"]
[Source "lmi"]
[SourceDate "2016.04.16"]

1. e4 c5 2. Nf3 d6 3. d4 cxd4 4. Nxd4 Nf6 5. Nc3 a6 6. h3 e5 7. Nf3 h6 8. Bc4
b5 9. Bd5 Ra7 10. Be3 Re7 11. O-O Be6 12. Qd3 Bxd5 13. Nxd5 Nxd5 14. Qxd5 Rd7
15. a4 bxa4 16. Rxa4 Qc8 17. c4 Qc6 18. Rfa1 Qxd5 19. cxd5 Rb7 20. Rb1 Be7 21.
Ne1 O-O 22. Nd3 f5 23. f3 Nd7 24. Rxa6 Nc5 25. Bxc5 dxc5 26. d6 Bg5 27. Nxc5
Be3+ 28. Kh2 Bxc5 29. Rc6 Ba3 30. d7 Rd8 31. bxa3 Rxb1 32. Rc8 Rb8 33. Rc5 Rxd7
34. exf5 Re8 35. a4 Kh7 36. Rc3 Rf8 37. g4 Rd2+ 38. Kg3 h5 39. Re3 g5 40. Rxe5
h4# 0-1

[Event "Madrid-ch sub-14 femenino"]
[Site "Madrid ESP"]
[Date "2016.04.16"]
[Round "2.2"]
[White "Ruperez Benito, Yaiza"]
[Black "Garcia Pardo, Maria Del Carmen"]
[Result "0-1"]
[WhiteElo "1477"]
[BlackElo "1543"]
[PlyCount "142"]
[EventDate "2016.04.16"]
[EventType "tourn"]
[EventRounds "7"]
[EventCountry "ESP"]
[SourceTitle "Ajedrez en Madrid"]
[Source "lmi"]
[SourceDate "2016.04.16"]

1. e4 e5 2. Nf3 Nc6 3. Bc4 Bc5 4. c3 Nf6 5. d4 exd4 6. e5 d5 7. Bb5 Nd7 8. cxd4
Bb4+ 9. Bd2 Bxd2+ 10. Nbxd2 Ne7 11. Nf1 O-O 12. Ng3 h6 13. O-O Nb6 14. Rc1 c6
15. Bd3 Ng6 16. h3 Nh4 17. Re1 Nxf3+ 18. Qxf3 Qh4 19. Qe3 Re8 20. b3 Nd7 21.
Bf5 f6 22. Bxd7 Bxd7 23. Qd3 fxe5 24. dxe5 Qf4 25. Qc3 Re6 26. Rc2 Be8 27. Rce2
Bg6 28. Rd2 Rae8 29. Rd4 Qg5 30. Rg4 Qe7 31. Ne2 Bh5 32. Rg3 Rxe5 33. f3 Rg5
34. Kf2 Rxg3 35. Nxg3 Qxe1+ 36. Qxe1 Rxe1 37. Kxe1 Bg6 38. a3 Kf7 39. Ne2 Ke6
40. Kd2 Ke5 41. Ke3 c5 42. f4+ Kd6 43. g4 d4+ 44. Kd2 Be4 45. Nc1 Kd5 46. Nd3
Bxd3 47. Kxd3 b5 48. f5 c4+ 49. bxc4+ bxc4+ 50. Kd2 Ke4 51. Ke2 d3+ 52. Kd2 Kf4
53. a4 a5 54. h4 Kxg4 55. f6 gxf6 56. h5 f5 57. Kc3 f4 58. Kxc4 d2 59. Kb5 d1=Q
60. Kxa5 Qb1 61. Ka6 Qb8 62. a5 Qa8+ 63. Kb6 f3 64. a6 f2 65. a7 f1=Q 66. Kc5
Qxa7+ 67. Kd5 Qe7 68. Kd4 Qd1+ 69. Kc3 Qc7+ 70. Kb4 Qb1+ 71. Ka4 Qa7# 0-1

[Event "Madrid-ch sub-14 femenino"]
[Site "Madrid ESP"]
[Date "2016.04.16"]
[Round "2.3"]
[White "Andrade Sandoval, Bianca"]
[Black "Ruperez Benito, Paula"]
[Result "1-0"]
[WhiteElo "1732"]
[BlackElo "1478"]
[PlyCount "137"]
[EventDate "2016.04.16"]
[EventType "tourn"]
[EventRounds "7"]
[EventCountry "ESP"]
[SourceTitle "Ajedrez en Madrid"]
[Source "lmi"]
[SourceDate "2016.04.16"]

1. d4 d5 2. Nf3 e6 3. Bf4 Bd6 4. Bg3 Nf6 5. e3 Qe7 6. Bd3 Nbd7 7. Nbd2 O-O 8.
c3 e5 9. dxe5 Nxe5 10. Nxe5 Bxe5 11. Nf3 Bxg3 12. hxg3 h6 13. Nh4 c5 14. Bf5
Qe5 15. g4 Be6 16. Bxe6 Qxe6 17. Nf5 Ne4 18. Qf3 Ng5 19. Qg3 Rad8 20. f4 Nh7
21. Rd1 Rfe8 22. Kf2 Nf6 23. Kf1 Qa6+ 24. Kg1 Qe2 25. Qf3 Qxb2 26. g5 Qc2 27.
g4 Qe4 28. Qh3 Nh7 29. Rh2 Re6 30. Rhd2 g6 31. Nxh6+ Kf8 32. Kf2 d4 33. cxd4
cxd4 34. Rxd4 Qc2+ 35. Kf3 Qxd1+ 36. Rxd1 Rxd1 37. Nxf7 Rd7 38. Ne5 Rxe5 39.
Qh6+ Ke8 40. fxe5 Rf7+ 41. Ke2 Nf8 42. Qh1 Rh7 43. Qd5 Rd7 44. Qe4 Rg7 45. Qa4+
Rd7 46. Qxa7 b5 47. Qb8+ Rd8 48. Qxb5+ Rd7 49. Qc6 Ke7 50. a4 Ne6 51. a5 Rc7
52. Qd6+ Kf7 53. Qd5 Rc2+ 54. Ke1 Ke7 55. Qd6+ Kf7 56. Qd7+ Kf8 57. Qxe6 Kg7
58. Qf6+ Kh7 59. e6 Rc8 60. e7 Rg8 61. Qf7+ Rg7 62. Qxg7+ Kxg7 63. e8=Q Kh7 64.
Qf7+ Kh8 65. Qf6+ Kh7 66. a6 Kg8 67. a7 Kh7 68. Qf7+ Kh8 69. a8=R# 1-0

[Event "Madrid-ch sub-14 femenino"]
[Site "Madrid ESP"]
[Date "2016.04.16"]
[Round "2.4"]
[White "Rial Rodriguez, Marta"]
[Black "Bermejo Calvo, Nora"]
[Result "1-0"]
[WhiteElo "1481"]
[BlackElo "1276"]
[PlyCount "61"]
[EventDate "2016.04.16"]
[EventType "tourn"]
[EventRounds "7"]
[EventCountry "ESP"]
[SourceTitle "Ajedrez en Madrid"]
[Source "lmi"]
[SourceDate "2016.04.16"]

1. e4 e6 2. d4 d5 3. e5 c5 4. c3 Nc6 5. Nf3 Bd7 6. a3 Qb6 7. b4 cxd4 8. cxd4 a6
9. Be3 Nh6 10. Bd3 Nf5 11. O-O Be7 12. Nc3 Nfxd4 13. Nxd4 Qc7 14. Nxc6 Bxc6 15.
Bd4 b5 16. Re1 a5 17. Nxb5 Qb7 18. Nd6+ Bxd6 19. exd6 axb4 20. axb4 Qxb4 21.
Rxa8+ Bxa8 22. Bxg7 Rg8 23. Bd4 Qxd6 24. Qa4+ Ke7 25. Qa7+ Qd7 26. Qxd7+ Kxd7
27. Bxh7 Rg5 28. Rd1 Kd6 29. f3 Rg7 30. Bxg7 f5 31. Re1 1-0

[Event "Madrid-ch sub-14 femenino"]
[Site "Madrid ESP"]
[Date "2016.04.17"]
[Round "3.1"]
[White "Bermejo Calvo, Nora"]
[Black "Garcia Sanz, Beatriz"]
[Result "1/2-1/2"]
[WhiteElo "1276"]
[BlackElo "1285"]
[PlyCount "92"]
[EventDate "2016.04.16"]
[EventType "tourn"]
[EventRounds "7"]
[EventCountry "ESP"]
[SourceTitle "Ajedrez en Madrid"]
[Source "lmi"]
[SourceDate "2016.04.16"]

1. e4 e5 2. Nf3 Nc6 3. Bb5 d6 4. O-O Nf6 5. Re1 Bg4 6. c3 a6 7. Ba4 b5 8. Bb3
d5 9. Bc2 Be7 10. b4 d4 11. Bb2 dxc3 12. dxc3 Qxd1 13. Bxd1 Rd8 14. Na3 O-O 15.
h3 Bh5 16. Ng5 Bxd1 17. Raxd1 Rxd1 18. Rxd1 h6 19. Nf3 Nxe4 20. Re1 f5 21. Nxe5
Nxe5 22. f3 Nd3 23. Re3 Nxb2 24. fxe4 Na4 25. exf5 Bf6 26. c4 Bb2 27. Nc2 bxc4
28. Re7 Rxf5 29. Rxc7 Nc3 30. Ne3 Nd5 31. Rc8+ Rf8 32. Rxf8+ Kxf8 33. Nxd5 c3
34. Ne3 Ba3 35. Nc2 Bc1 36. Kf1 Ke7 37. Ke2 Kd6 38. Kd3 Bd2 39. Kd4 h5 40. g4
hxg4 41. hxg4 g5 42. a3 Kc6 43. Kc4 Kb6 44. a4 a5 45. b5 Bf4 46. Kd4 Bg3
1/2-1/2

[Event "Madrid-ch sub-14 femenino"]
[Site "Madrid ESP"]
[Date "2016.04.17"]
[Round "3.2"]
[White "Ruperez Benito, Paula"]
[Black "Rial Rodriguez, Marta"]
[Result "1/2-1/2"]
[WhiteElo "1478"]
[BlackElo "1481"]
[PlyCount "78"]
[EventDate "2016.04.16"]
[EventType "tourn"]
[EventRounds "7"]
[EventCountry "ESP"]
[SourceTitle "Ajedrez en Madrid"]
[Source "lmi"]
[SourceDate "2016.04.16"]

1. e4 d5 2. exd5 Nf6 3. d4 Bg4 4. Nf3 Nxd5 5. Be2 Nc6 6. O-O e6 7. c4 Nf6 8.
Be3 Be7 9. h3 Bh5 10. Nc3 O-O 11. Qd2 Bb4 12. a3 Bxc3 13. bxc3 a6 14. Rab1 Rb8
15. Rfd1 Ne7 16. Qc2 Bg6 17. Bd3 Bxd3 18. Qxd3 Qd6 19. Bg5 Nh5 20. Bxe7 Qxe7
21. Qe3 Qxa3 22. Ne5 Rfd8 23. Qf3 Nf6 24. c5 c6 25. Nc4 Qa2 26. Qd3 Ne4 27. Rb2
Qa4 28. Rb4 Qa2 29. Qxe4 a5 30. Nxa5 Qxa5 31. Rdb1 Qc7 32. c4 Qd7 33. Rd1 f5
34. Qe5 Kf7 35. Rb3 g6 36. Rbd3 Re8 37. Qd6 Qxd6 38. cxd6 Red8 39. c5 Rd7
1/2-1/2

[Event "Madrid-ch sub-14 femenino"]
[Site "Madrid ESP"]
[Date "2016.04.17"]
[Round "3.3"]
[White "Garcia Pardo, Maria Del Carmen"]
[Black "Andrade Sandoval, Bianca"]
[Result "0-1"]
[WhiteElo "1543"]
[BlackElo "1732"]
[PlyCount "110"]
[EventDate "2016.04.16"]
[EventType "tourn"]
[EventRounds "7"]
[EventCountry "ESP"]
[SourceTitle "Ajedrez en Madrid"]
[Source "lmi"]
[SourceDate "2016.04.16"]

1. e4 c5 2. Nf3 e6 3. d4 cxd4 4. Nxd4 a6 5. Bd3 b5 6. O-O Bb7 7. a4 bxa4 8.
Rxa4 Qc7 9. Nc3 Nf6 10. Qe2 Nc6 11. Nxc6 Qxc6 12. Bf4 Be7 13. Rfa1 d5 14. Bxa6
Bxa6 15. Rxa6 Rxa6 16. Rxa6 Qb7 17. Qb5+ Qxb5 18. Nxb5 O-O 19. exd5 Nxd5 20.
Bd6 Bxd6 21. Rxd6 h6 22. h3 Rb8 23. c4 Nb6 24. b3 Kf8 25. Na7 g6 26. Nc6 Rb7
27. Na5 Rb8 28. Kf1 Ke8 29. Nc6 Rc8 30. Ke2 Nd7 31. Kd2 Nc5 32. Kc2 Nb7 33. Na7
Nxd6 34. Nxc8 Nxc8 35. c5 Kd7 36. Kc3 Kc6 37. Kc4 Na7 38. b4 Nb5 39. g4 f5 40.
gxf5 exf5 41. h4 g5 42. hxg5 hxg5 43. Kd3 Kd5 44. f3 f4 45. c6 Nc7 46. Kc3 Kxc6
47. Kd4 Kd6 48. Ke4 Ke6 49. Kd4 Kf5 50. Kc5 Na6+ 51. Kc4 Nxb4 52. Kxb4 g4 53.
fxg4+ Kxg4 54. Kc3 Kg3 55. Kd2 Kg2 0-1

[Event "Madrid-ch sub-14 femenino"]
[Site "Madrid ESP"]
[Date "2016.04.17"]
[Round "3.4"]
[White "Perez Rodrigo, Alicia"]
[Black "Ruperez Benito, Yaiza"]
[Result "0-1"]
[WhiteElo "1392"]
[BlackElo "1477"]
[PlyCount "70"]
[EventDate "2016.04.16"]
[EventType "tourn"]
[EventRounds "7"]
[EventCountry "ESP"]
[SourceTitle "Ajedrez en Madrid"]
[Source "lmi"]
[SourceDate "2016.04.16"]

1. d4 d5 2. c4 e6 3. Nc3 c5 4. cxd5 exd5 5. dxc5 d4 6. Ne4 Nc6 7. b4 Nxb4 8.
Qa4+ Nc6 9. Nf3 Nge7 10. Bb2 Nf5 11. g3 Qd5 12. Qc2 Be7 13. g4 Nh4 14. Nxd4
Bxc5 15. Nxc6 Qxc6 16. Nxc5 Qxh1 17. Qe4+ Qxe4 18. Nxe4 O-O 19. Bh3 f5 20. Nd6
fxg4 21. Nxc8 gxh3 22. Ne7+ Kh8 23. Rd1 Ng2+ 24. Kf1 Ne3+ 25. Ke1 Nxd1 26. Kxd1
Rxf2 27. Be5 Re8 28. Bd6 Rd8 29. Ke1 Rg2 30. Nf5 Rc8 31. Be5 Rc5 32. Nh6 Rc2
33. Nf7+ Kg8 34. Nd6 Rcxe2+ 35. Kf1 Rxe5 0-1

[Event "Madrid-ch sub-14 femenino"]
[Site "Madrid ESP"]
[Date "2016.04.17"]
[Round "4.1"]
[White "Garcia Sanz, Beatriz"]
[Black "Ruperez Benito, Yaiza"]
[Result "1-0"]
[WhiteElo "1285"]
[BlackElo "1477"]
[PlyCount "117"]
[EventDate "2016.04.16"]
[EventType "tourn"]
[EventRounds "7"]
[EventCountry "ESP"]
[SourceTitle "Ajedrez en Madrid"]
[Source "lmi"]
[SourceDate "2016.04.16"]

1. e4 e6 2. d4 d5 3. e5 c5 4. Nf3 Nc6 5. c3 Nge7 6. Bg5 Qb6 7. b3 Nf5 8. Bd3
cxd4 9. Bxf5 exf5 10. Nxd4 Nxe5 11. Qe2 f6 12. f4 Be7 13. Bxf6 Bxf6 14. fxe5
Bh4+ 15. g3 Be7 16. Qb5+ Qxb5 17. Nxb5 O-O 18. O-O Bc5+ 19. Kg2 Bb6 20. N1a3
Bd7 21. Rad1 Bc6 22. Nd4 Bc5 23. b4 Ba4 24. Rd2 Bxd4 25. Rxd4 Rac8 26. b5 Rxc3
27. Rxa4 Re3 28. Rxa7 b6 29. Nc2 Re2+ 30. Rf2 Rxe5 31. Nd4 h6 32. Rb7 f4 33.
Rxf4 Rxf4 34. gxf4 Re4 35. Nf3 Rxf4 36. Rxb6 Rb4 37. a3 Rg4+ 38. Kf2 Kh7 39.
Rd6 Ra4 40. Rxd5 Rxa3 41. Nd4 Ra2+ 42. Ke3 Rxh2 43. b6 Rb2 44. Rb5 Rxb5 45.
Nxb5 g5 46. b7 Kg6 47. b8=Q Kh5 48. Qh2+ Kg6 49. Nd4 g4 50. Kf4 h5 51. Qh4 Kh6
52. Qg5+ Kh7 53. Qxh5+ Kg8 54. Qxg4+ Kh8 55. Qd7 Kg8 56. Nc2 Kh8 57. Kf5 Kg8
58. Kf6 Kh8 59. Qg7# 1-0

[Event "Madrid-ch sub-14 femenino"]
[Site "Madrid ESP"]
[Date "2016.04.17"]
[Round "4.2"]
[White "Andrade Sandoval, Bianca"]
[Black "Perez Rodrigo, Alicia"]
[Result "1-0"]
[WhiteElo "1732"]
[BlackElo "1392"]
[PlyCount "51"]
[EventDate "2016.04.16"]
[EventType "tourn"]
[EventRounds "7"]
[EventCountry "ESP"]
[SourceTitle "Ajedrez en Madrid"]
[Source "lmi"]
[SourceDate "2016.04.16"]

1. d4 Nf6 2. Nf3 g6 3. Bf4 Bg7 4. e3 O-O 5. Be2 Nc6 6. Nbd2 d6 7. h3 Re8 8. O-O
e5 9. dxe5 dxe5 10. Bh2 Nh5 11. c3 f5 12. Qb3+ Kh8 13. Rad1 Qe7 14. Rfe1 e4 15.
Nd4 Ne5 16. Nc4 Qg5 17. Nxe5 Bxe5 18. Bxe5+ Rxe5 19. Bxh5 gxh5 20. Qf7 Qd8 21.
Ne6 Bxe6 22. Rxd8+ Rxd8 23. Qf6+ Kg8 24. Qxd8+ Kf7 25. Qxc7+ Kg6 26. Qxe5 1-0

[Event "Madrid-ch sub-14 femenino"]
[Site "Madrid ESP"]
[Date "2016.04.17"]
[Round "4.3"]
[White "Rial Rodriguez, Marta"]
[Black "Garcia Pardo, Maria Del Carmen"]
[Result "1/2-1/2"]
[WhiteElo "1481"]
[BlackElo "1543"]
[PlyCount "74"]
[EventDate "2016.04.16"]
[EventType "tourn"]
[EventRounds "7"]
[EventCountry "ESP"]
[SourceTitle "Ajedrez en Madrid"]
[Source "lmi"]
[SourceDate "2016.04.16"]

1. e4 e5 2. Nf3 Nc6 3. Bc4 Bc5 4. c3 Nf6 5. d4 exd4 6. O-O Nxe4 7. cxd4 d5 8.
dxc5 dxc4 9. Qe2 Qd3 10. Re1 f5 11. Nc3 O-O 12. Nxe4 fxe4 13. Qxe4 Bf5 14. Qe2
Bg4 15. Qxd3 cxd3 16. Ne5 Nxe5 17. Rxe5 Rad8 18. Bd2 Rfe8 19. Rxe8+ Rxe8 20.
Re1 Be2 21. f3 Re5 22. Rc1 c6 23. Kf2 Kf7 24. b4 g6 25. g4 g5 26. a3 h6 27. h3
Re6 28. Rg1 Rf6 29. Rg3 Ke6 30. Ke3 Rf4 31. a4 Rc4 32. Rg1 Kd5 33. Kf2 Rc2 34.
Ke3 Rc4 35. Kf2 Rc2 36. Ke3 Rc4 37. Kf2 Rc2 1/2-1/2

[Event "Madrid-ch sub-14 femenino"]
[Site "Madrid ESP"]
[Date "2016.04.17"]
[Round "4.4"]
[White "Bermejo Calvo, Nora"]
[Black "Ruperez Benito, Paula"]
[Result "0-1"]
[WhiteElo "1276"]
[BlackElo "1478"]
[PlyCount "64"]
[EventDate "2016.04.16"]
[EventType "tourn"]
[EventRounds "7"]
[EventCountry "ESP"]
[SourceTitle "Ajedrez en Madrid"]
[Source "lmi"]
[SourceDate "2016.04.16"]

1. e4 e6 2. d4 d5 3. exd5 exd5 4. Nf3 Be6 5. Nc3 Nf6 6. Bg5 Be7 7. Bd3 O-O 8.
O-O Nbd7 9. Re1 c5 10. Be2 c4 11. b3 Bb4 12. Bd2 Rc8 13. Nb5 c3 14. Bf4 Qb6 15.
a3 Be7 16. Qd3 Ne4 17. a4 a6 18. Na3 Bf5 19. Qd1 Ndf6 20. Ne5 Nd2 21. Bxd2 cxd2
22. Qxd2 Bb4 23. Qf4 Bxe1 24. Qxf5 Bc3 25. Nd7 Nxd7 26. Qxd7 Bxa1 27. Qxd5 Bxd4
28. Qf3 Rc3 29. Qf5 Qf6 30. Bd3 Qxf5 31. Bxf5 Re8 32. g3 Rf3 0-1

[Event "Madrid-ch sub-14 femenino"]
[Site "Madrid ESP"]
[Date "2016.04.27"]
[Round "5.2"]
[White "Garcia Pardo, Maria Del Carmen"]
[Black "Bermejo Calvo, Nora"]
[Result "1/2-1/2"]
[WhiteElo "1543"]
[BlackElo "1276"]
[PlyCount "154"]
[EventDate "2016.04.16"]
[EventType "tourn"]
[EventRounds "7"]
[EventCountry "ESP"]
[SourceTitle "Ajedrez en Madrid"]
[Source "lmi"]
[SourceDate "2016.04.16"]

1. e4 e6 2. d4 d5 3. exd5 exd5 4. Bd3 Nc6 5. Nf3 Nf6 6. O-O Be7 7. c3 O-O 8. h3
Re8 9. Qc2 g6 10. Bf4 Bf8 11. Nbd2 Bd7 12. Rae1 Bg7 13. Rxe8+ Bxe8 14. Re1 Rc8
15. Nf1 Ne7 16. Qe2 Nc6 17. Qe3 Bd7 18. Bg5 Qe8 19. Qf4 Qd8 20. Qh4 Be8 21.
N1h2 h5 22. g4 Qd6 23. Nf1 Na5 24. Ng3 hxg4 25. hxg4 Nh7 26. Be7 Bf6 27. Bxd6
Bxh4 28. Nxh4 cxd6 29. Re7 Ng5 30. f4 Nh3+ 31. Kf1 Nxf4 32. Re3 Nc4 33. Bxc4
dxc4 34. Nf3 Bd7 35. g5 Bh3+ 36. Kf2 Nd3+ 37. Kg1 Nxb2 38. Re7 Bg4 39. Nh2 Be6
40. Rxb7 Nd1 41. Ne4 d5 42. Nf6+ Kg7 43. Rxa7 Nxc3 44. Nf1 Ne2+ 45. Kf2 Nxd4
46. Ke3 Nc2+ 47. Ke2 Nd4+ 48. Ke3 Nc2+ 49. Kd2 Nd4 50. Ne3 Nf3+ 51. Kc3 d4+ 52.
Kc2 Bf5+ 53. Nxf5+ gxf5 54. Ra3 c3 55. Rb3 Ne1+ 56. Kc1 d3 57. Rxc3 Rxc3+ 58.
Kd2 Rc2+ 59. Kxe1 Rxa2 60. Nd5 Rb2 61. Nf4 Rb3 62. Kd2 f6 63. gxf6+ Kxf6 64.
Nxd3 Rxd3+ 65. Kxd3 Kg5 66. Ke3 f4+ 67. Kf3 Kf5 68. Kf2 Kg4 69. Kg2 f3+ 70. Kf2
Kf4 71. Kf1 Ke3 72. Ke1 Kf4 73. Kf2 Ke4 74. Ke1 Kd3 75. Kf2 Ke4 76. Kf1 Ke3 77.
Ke1 f2+ 1/2-1/2

[Event "Madrid-ch sub-14 femenino"]
[Site "Madrid ESP"]
[Date "2016.04.23"]
[Round "5.3"]
[White "Perez Rodrigo, Alicia"]
[Black "Rial Rodriguez, Marta"]
[Result "0-1"]
[WhiteElo "1392"]
[BlackElo "1481"]
[PlyCount "112"]
[EventDate "2016.04.16"]
[EventType "tourn"]
[EventRounds "7"]
[EventCountry "ESP"]
[SourceTitle "Ajedrez en Madrid"]
[Source "lmi"]
[SourceDate "2016.04.16"]

1. d4 Nf6 2. c4 g6 3. Nc3 d5 4. Nf3 Bg7 5. Bg5 e6 6. e4 dxe4 7. Nxe4 Nbd7 8.
Bd3 O-O 9. O-O b6 10. Ne5 Qe8 11. f4 Bb7 12. Nxd7 Nxd7 13. Bc2 Rc8 14. Qd2 Bxe4
15. Bxe4 c5 16. d5 Nf6 17. Rae1 Qd7 18. d6 Nxe4 19. Rxe4 Bd4+ 20. Rxd4 cxd4 21.
Qxd4 f5 22. Re1 Rc6 23. Rd1 Rfc8 24. b3 a6 25. Be7 b5 26. cxb5 axb5 27. a4 bxa4
28. bxa4 Rc4 29. Qf6 Rxa4 30. g3 Rac4 31. Re1 Rc1 32. Rxc1 Rxc1+ 33. Kg2 Rc8
34. Kf3 Qb7+ 35. Ke3 Qb3+ 36. Kd4 Qb2+ 37. Kd3 Qxf6 38. Bxf6 Rc6 39. Be5 Kf7
40. Kd4 Ke8 41. Bf6 Rxd6+ 42. Ke5 Kd7 43. Bg7 Rd2 44. h3 Rg2 45. Kf6 Rxg3 46.
h4 Rg4 47. Bh6 Rxh4 48. Kg7 Rh1 49. Kxh7 Kd6 50. Kxg6 Rxh6+ 51. Kxh6 Kd5 52.
Kg5 Ke4 53. Kf6 Kxf4 54. Kxe6 Ke4 55. Kf6 f4 56. Kg5 f3 0-1

[Event "Madrid-ch sub-14 femenino"]
[Site "Madrid ESP"]
[Date "2016.04.23"]
[Round "5.4"]
[White "Ruperez Benito, Yaiza"]
[Black "Andrade Sandoval, Bianca"]
[Result "0-1"]
[WhiteElo "1477"]
[BlackElo "1732"]
[PlyCount "108"]
[EventDate "2016.04.16"]
[EventType "tourn"]
[EventRounds "7"]
[EventCountry "ESP"]
[SourceTitle "Ajedrez en Madrid"]
[Source "lmi"]
[SourceDate "2016.04.16"]

1. e4 c5 2. Nf3 e6 3. c3 d5 4. e5 Ne7 5. d4 Ng6 6. Bd3 Be7 7. O-O Nc6 8. Nbd2
Bd7 9. dxc5 Ngxe5 10. Nb3 Nxd3 11. Qxd3 O-O 12. Bf4 b6 13. cxb6 Qxb6 14. a3
Qxb3 15. Rab1 Na5 16. Nd4 Qc4 17. Qg3 Bf6 18. Rfe1 Nb3 19. Nf3 Nc5 20. Re3 Ne4
21. Qg4 e5 22. Qxd7 exf4 23. Ree1 Qc5 24. Qf5 Nxf2 25. Kf1 Rfe8 26. Qc2 Ng4 27.
Qd2 Ne3+ 28. Kg1 Ng4+ 29. Kf1 Ne3+ 30. Kg1 Nc2+ 31. Qf2 Qxf2+ 32. Kxf2 Nxe1 33.
Nxe1 h6 34. Nf3 Rab8 35. Nd4 Bxd4+ 36. cxd4 Re4 37. b4 Rxd4 38. Ke2 Re8+ 39.
Kf2 a6 40. Rb2 Rd3 41. a4 Rb8 42. h3 Rd4 43. b5 Rxa4 44. b6 Ra5 45. Kf3 Rb5 46.
Rxb5 axb5 47. b7 Rxb7 48. Kxf4 b4 49. Kg4 b3 50. Kh5 b2 51. g4 b1=Q 52. Kh4
Qe1+ 53. Kh5 g6+ 54. Kxh6 Qh4# 0-1